000
002870000a22001330004500
003
MACL
040
_a
MACL
090
_c
32066
_d
32064
100
_a
Fleming, John
245
_a
Dictionary Of Architecture
260
_b
Penguin Books
_c
1991
650
_a
Dictionary
942
_c
BOOK
_k
403Fle
999
_c
31742
_d
31742